000 00541nam a2200193 i 4500
001 34269
003 ES-MaACL
005 20250814091645.0
007 t|
008 030204s1925 fr ||||1| fre d
100 1 _aBloch, Eugène.
_929508
245 1 0 _aThéorie cinétique des gaz /
_cpar Eugène Bloch.
250 _a2eme ed.
260 _aParís :
_bArmand Colin,
_c1925.
300 _a174 p. ;
_c17 cm.
650 7 _aTeoría cinética de los gases
_2embne
_9150436
852 _aES-MaACL
_jE-6203
_bR.90472
999 _c34269
_d34269